The design of tax structure (Registro nro. 25675)

Detalles MARC
000 -LEADER
fixed length control field 00360 a2200121 4500
001 - CONTROL NUMBER
control field ART_11621
005 - DATE AND TIME OF LATEST TRANSACTION
control field 20260410161858.0
008 - FIXED-LENGTH DATA ELEMENTS--GENERAL INFORMATION
fixed length control field 260409a
100 1# - MAIN ENTRY--PERSONAL NAME
Personal name Stiglitz, Joseph E.
245 10 - TITLE STATEMENT
Title The design of tax structure
700 1# - ADDED ENTRY--PERSONAL NAME
Personal name Atkinson, A.B.
773 0# - HOST ITEM ENTRY
Title Journal of public economics
Related parts - Vol. 6, Nº 1/2 (jul./ago. 1976)
Record control number REV11485

No hay ítems disponibles.